[Event "MNT-chT"]
[Site "Podgorica"]
[Date "2020.10.11"]
[Round "4.1"]
[White "Koljevic, Nikolina"]
[Black "Pejovic, Branko"]
[Result "1-0"]
[WhiteElo "1910"]
[BlackElo "2184"]
[PlyCount "83"]
[EventDate "2020.10.09"]
[EventType "team-tourn"]
[EventRounds "9"]
[EventCountry "MNE"]
[SourceTitle "CBM 198 Extra"]
[Source "ChessBase"]
[SourceDate "2020.11.30"]
[SourceVersion "1"]
[SourceVersionDate "2020.11.30"]
[SourceQuality "1"]
[WhiteTeam "Cetinje"]
[BlackTeam "Herceg Novi"]
[WhiteTeamCountry "MNE"]
[BlackTeamCountry "MNE"]

1. e4 c5 2. Nf3 Nc6 3. Bb5 g6 4. 0-0 Bg7 5. Re1 e5 6. a3 Nge7 7. Nc3 0-0 8. Bc4 d6 9. h3 h6 10. Rb1 g5 11. b4 Ng6 12. Nd5 g4 13. hxg4 Bxg4 14. Be2 cxb4 15. axb4 Be6 16. d3 f5 17. b5 Nce7 18. c4 Kh7 19. Be3 f4 20. Bc1 Ng8 21. Ba3 b6 22. Qd2 Rf7 23. Bb4 Bf8 24. Ra1 Rc8 25. Rec1 Rg7 26. Bf1 Bg4 27. Ne1 Nh4 28. Nxf4 exf4 29. Qxf4 Qg5 30. Qxg5 hxg5 31. Nc2 Ng6 32. Ne3 Be6 33. d4 Re8 34. g3 Bc8 35. Bd3 Rf7 36. Ra2 Nh6 37. Rca1 Bg7 38. Bc3 Ref8 39. Rxa7 Rxf2 40. Nf5 Nxf5 41. Kxf2 Nxd4+ 42. Kg2 1-0

[Event "MNT-chT"]
[Site "Cetinje"]
[Date "2010.09.12"]
[Round "6"]
[White "Radovic, Milan"]
[Black "Pejovic, Branko"]
[Result "0-1"]
[WhiteElo "1915"]
[BlackElo "2219"]
[PlyCount "88"]
[EventDate "2010.08.27"]
[EventType "team-tourn"]
[EventRounds "9"]
[EventCountry "MNE"]
[SourceTitle "CBM 138 Extra"]
[Source "ChessBase"]
[SourceDate "2010.10.29"]
[SourceVersion "1"]
[SourceVersionDate "2010.10.29"]
[SourceQuality "1"]

1. d4 Nf6 2. c4 g6 3. Nc3 Bg7 4. Nf3 0-0 5. e4 c5 6. d5 Qa5 7. Qc2 Nxe4 8. Qxe4 Bxc3+ 9. Bd2 Bxd2+ 10. Nxd2 Qd8 11. h4 d6 12. h5 Bf5 13. Qh4 e5 14. hxg6 Qxh4 15. gxf7+ Rxf7 16. Rxh4 Nd7 17. f3 Nf6 18. Be2 Re8 19. 0-0-0 Bg6 20. Ne4 Nxe4 21. fxe4 Rf4 22. Rdh1 Rxe4 23. Bg4 Rxc4+ 24. Kd2 Rd4+ 25. Ke3 Rxd5 26. Bf3 Rd4 27. Rh6 Kg7 28. R6h3 Rd3+ 29. Ke2 e4 30. Bg4 Rxh3 31. Rxh3 d5 32. Ra3 Re7 33. Rxa7 Kf6 34. Bc8 Bf5 35. Bxb7 Bg4+ 36. Ke1 Ke5 37. b3 Bc8 38. Ra5 Bxb7 39. Rxc5 Kd4 40. Rc1 Ba6 41. Rd1+ Bd3 42. Kf2 e3+ 43. Kf3 Rf7+ 44. Kg3 e2 0-1

[Event "MNT-chT"]
[Site "Cetinje"]
[Date "2010.08.28"]
[Round "2"]
[White "Kandic, Milojko"]
[Black "Pejovic, Branko"]
[Result "1/2-1/2"]
[WhiteElo "2076"]
[BlackElo "2219"]
[PlyCount "63"]
[EventDate "2010.08.27"]
[EventType "team-tourn"]
[EventRounds "9"]
[EventCountry "MNE"]
[SourceTitle "CBM 138 Extra"]
[Source "ChessBase"]
[SourceDate "2010.10.29"]
[SourceVersion "1"]
[SourceVersionDate "2010.10.29"]
[SourceQuality "1"]

1. e4 c5 2. Nf3 d6 3. d4 cxd4 4. Nxd4 Nf6 5. Nc3 g6 6. g3 Bg7 7. Nde2 0-0 8. Bg2 Nc6 9. h3 Bd7 10. 0-0 Rc8 11. b3 b5 12. Rb1 b4 13. Nd5 Qa5 14. Be3 Nxd5 15. exd5 Nb8 16. Nd4 e5 17. Nc6 Nxc6 18. dxc6 Bxc6 19. Qxd6 Bxg2 20. Kxg2 Rxc2 21. Rbc1 Rxc1 22. Rxc1 Rd8 23. Rc5 Rxd6 24. Rxa5 Rd7 25. Bxa7 e4 26. g4 h6 27. Bc5 Bc3 28. Ra8+ Kh7 29. h4 f5 30. gxf5 gxf5 31. Be3 Rf7 32. Kh3 1/2-1/2

[Event "MNT-chT"]
[Site "Cetinje"]
[Date "2010.08.27"]
[Round "1"]
[White "Kostic, Vladimir"]
[Black "Pejovic, Branko"]
[Result "1/2-1/2"]
[WhiteElo "1858"]
[BlackElo "2219"]
[PlyCount "97"]
[EventDate "2010.08.27"]
[EventType "team-tourn"]
[EventRounds "9"]
[EventCountry "MNE"]
[SourceTitle "CBM 138 Extra"]
[Source "ChessBase"]
[SourceDate "2010.10.29"]
[SourceVersion "1"]
[SourceVersionDate "2010.10.29"]
[SourceQuality "1"]

1. c4 Nf6 2. d4 g6 3. Nc3 Bg7 4. e4 0-0 5. Be3 d6 6. Be2 c6 7. Nf3 a6 8. 0-0 b5 9. b4 bxc4 10. Bxc4 Ng4 11. Qd2 Nxe3 12. Qxe3 Bg4 13. d5 Bxf3 14. gxf3 c5 15. bxc5 Qa5 16. Rac1 dxc5 17. e5 Nd7 18. f4 Nb6 19. Ne4 Nxc4 20. Rxc4 Qxa2 21. Rxc5 Rfd8 22. Rfc1 Rab8 23. R1c2 Rb1+ 24. Kg2 Qa1 25. Qe2 Rg1+ 26. Kf3 Bh6 27. Ra2 Qd4 28. Rd2 Qa4 29. d6 Qd7 30. Ng3 exd6 31. exd6 Qh3 32. d7 Qg2+ 33. Ke3 Qb7 34. Qd3 Qa7 35. Qd4 Bf8 36. Ne4 Bxc5 37. Qxc5 Qxc5+ 38. Nxc5 Re1+ 39. Kf3 Re7 40. Ra2 Rdxd7 41. Nxd7 Rxd7 42. Rxa6 Rd5 43. h4 Kg7 44. Kg3 Rd3+ 45. f3 Rd5 46. Rc6 f5 47. Rc7+ Kh6 48. Kh3 Rd1 49. Kg2 1/2-1/2

[Event "MNT-chT"]
[Site "Cetinje"]
[Date "2009.10.23"]
[Round "7"]
[White "Cerovic, Zoran"]
[Black "Pejovic, Branko"]
[Result "1/2-1/2"]
[WhiteElo "2175"]
[BlackElo "2210"]
[PlyCount "106"]
[EventDate "2009.09.18"]
[EventType "team-tourn"]
[EventRounds "9"]
[EventCountry "MNE"]
[SourceTitle "EXT 2011"]
[Source "ChessBase"]
[SourceDate "2010.11.26"]
[SourceVersion "1"]
[SourceVersionDate "2010.11.26"]
[SourceQuality "1"]

1. e4 c5 2. Nf3 d6 3. d4 cxd4 4. Nxd4 Nf6 5. Nc3 g6 6. Be3 Bg7 7. f3 0-0 8. Qd2 Nc6 9. Bc4 Nd7 10. 0-0-0 Nb6 11. Bb3 Na5 12. Bh6 Nbc4 13. Qg5 e5 14. Nde2 Bf6 15. Qg3 Bh4 16. Bxf8 Bxg3 17. hxg3 Qxf8 18. Nd5 f5 19. Nec3 Be6 20. Nc7 Re8 21. Nxe8 Qxe8 22. exf5 gxf5 23. Rh6 Qe7 24. Kb1 a6 25. g4 Nxb3 26. axb3 Ne3 27. Rd3 e4 28. Rxe3 Qg5 29. Rxe6 Qxe3 30. gxf5 Qg1+ 31. Ka2 exf3 32. gxf3 Qc5 33. f6 d5 34. Re5 Qd6 35. Rf5 Kf8 36. f7 Qe6 37. Rxd5 Qxf7 38. Rd3 Qc7 39. Rd4 Qh2 40. Ne4 h5 41. Rd7 b5 42. Nf6 Qf4 43. Nxh5 Qxf3 44. Rd6 Qxh5 45. Rxa6 Qf3 46. Rb6 Qd5 47. Rh6 Kf7 48. Rh4 Qa8+ 49. Kb1 Ke6 50. Rh5 Qa5 51. Rg5 Qd2 52. Rc5 Kd6 53. Rc3 Kd5 1/2-1/2

[Event "MNT-chT"]
[Site "Cetinje"]
[Date "2009.10.09"]
[Round "4"]
[White "Pejovic, Branko"]
[Black "Bukvic, Mihailo"]
[Result "1/2-1/2"]
[WhiteElo "2210"]
[BlackElo "2223"]
[PlyCount "48"]
[EventDate "2009.09.18"]
[EventType "team-tourn"]
[EventRounds "9"]
[EventCountry "MNE"]
[SourceTitle "EXT 2011"]
[Source "ChessBase"]
[SourceDate "2010.11.26"]
[SourceVersion "1"]
[SourceVersionDate "2010.11.26"]
[SourceQuality "1"]

1. e4 e5 2. Nf3 Nc6 3. Bb5 a6 4. Ba4 d6 5. d4 b5 6. Bb3 Nxd4 7. Nxd4 exd4 8. Bd5 Rb8 9. Qxd4 Bd7 10. Qd3 Nf6 11. 0-0 Be7 12. Bb3 0-0 13. Nd2 Be6 14. a4 c5 15. axb5 Bxb3 16. Nxb3 axb5 17. Nd2 Qc7 18. c4 bxc4 19. Nxc4 Qc6 20. Ra7 Rfe8 21. Bg5 d5 22. exd5 Qxd5 23. Qxd5 Nxd5 24. Bxe7 Rxe7 1/2-1/2

[Event "MNT-chT"]
[Site "Cetinje"]
[Date "2009.09.20"]
[Round "3"]
[White "Pejovic, Branko"]
[Black "Karisik, Nenad"]
[Result "1-0"]
[WhiteElo "2210"]
[BlackElo "2065"]
[PlyCount "81"]
[EventDate "2009.09.18"]
[EventType "team-tourn"]
[EventRounds "9"]
[EventCountry "MNE"]
[SourceTitle "EXT 2011"]
[Source "ChessBase"]
[SourceDate "2010.11.26"]
[SourceVersion "1"]
[SourceVersionDate "2010.11.26"]
[SourceQuality "1"]

1. Nf3 Nf6 2. g3 g6 3. Bg2 Bg7 4. 0-0 0-0 5. d3 d5 6. c3 c5 7. Qa4 Nc6 8. Qh4 e5 9. Bg5 Qd6 10. e4 d4 11. cxd4 cxd4 12. Na3 Nd7 13. Nc4 Qc7 14. Rac1 f6 15. Bd2 Nb6 16. Bh3 Nxc4 17. Rxc4 g5 18. Qh5 Qf7 19. Qxf7+ Kxf7 20. Bxc8 Rfxc8 21. Rfc1 a5 22. Kf1 Bf8 23. a3 a4 24. Ke2 Ke6 25. Ne1 Kd7 26. R4c2 Na7 27. f4 h6 28. fxe5 fxe5 29. Nf3 Rxc2 30. Rxc2 Nc6 31. g4 Be7 32. Rc1 Rh8 33. Kf2 Ke6 34. Rc4 Ra8 35. h4 gxh4 36. Bxh6 Kf7 37. g5 Kg6 38. Nxh4+ Kh5 39. Nf3 Kg4 40. Rc1 Rg8 41. Rh1 1-0

[Event "MNT CupT"]
[Site "Podgorica"]
[Date "2008.05.18"]
[Round "5"]
[White "Pavlovic, Dejan S"]
[Black "Pejovic, Branko"]
[Result "1/2-1/2"]
[WhiteElo "2277"]
[BlackElo "2197"]
[PlyCount "72"]
[EventDate "2008.03.16"]
[EventType "team-tourn"]
[EventRounds "5"]
[EventCountry "MNE"]
[SourceTitle "EXT 2009"]
[Source "ChessBase"]
[SourceDate "2008.11.26"]
[SourceVersion "1"]
[SourceVersionDate "2008.11.26"]
[SourceQuality "1"]

1. e4 c5 2. Nf3 d6 3. d4 cxd4 4. Nxd4 Nf6 5. Nc3 g6 6. Be3 Bg7 7. f3 0-0 8. Bc4 Nc6 9. Qd2 Nd7 10. 0-0-0 Nb6 11. Bb3 Na5 12. Qd3 Nxb3+ 13. axb3 a5 14. Ndb5 Be6 15. Bd4 Bh6+ 16. Kb1 a4 17. Bxb6 Qxb6 18. bxa4 Rfc8 19. b3 Bg7 20. Nd5 Bxd5 21. exd5 Ra5 22. Rhe1 Bf6 23. Re4 Rc5 24. c4 Raxb5 25. axb5 Qa5 26. Rd4 Rc8 27. Qd2 Qa7 28. Qb2 Ra8 29. Kc2 Qc5 30. g4 Ra3 31. R1d2 Qb4 32. f4 Qa5 33. Kd3 Qb4 34. Kc2 Qa5 35. Kd1 Qb4 36. Kc2 Qa5 1/2-1/2

[Event "SCG-chT 4th"]
[Site "Vrnjacka Banja"]
[Date "2006.05.05"]
[Round "5"]
[White "Rabrenovic, Vladan"]
[Black "Pejovic, Branko"]
[Result "1-0"]
[WhiteElo "2328"]
[BlackElo "2213"]
[PlyCount "75"]
[EventDate "2006.05.01"]
[EventType "team"]
[EventRounds "7"]
[EventCountry "YUG"]
[SourceTitle "CBM 112 Extra"]
[Source "ChessBase"]
[SourceDate "2006.07.14"]
[SourceVersion "1"]
[SourceVersionDate "2006.07.14"]
[SourceQuality "1"]

1. d4 d6 2. c4 g6 3. Nc3 Nf6 4. e4 Bg7 5. Bd3 0-0 6. Nge2 e5 7. h3 exd4 8. Nxd4 Nbd7 9. 0-0 Re8 10. Re1 Nc5 11. Bc2 a5 12. Bg5 h6 13. Bh4 Bd7 14. f4 Qc8 15. e5 dxe5 16. fxe5 Nh7 17. Nd5 Ng5 18. Bg3 Qd8 19. h4 Nge6 20. Nxe6 Bxe6 21. Qf3 c6 22. Nf6+ Bxf6 23. exf6 Nd7 24. Rf1 Qb6+ 25. Rf2 Qxb2 26. Rd1 Qxf6 27. Qxf6 Nxf6 28. Rxf6 Bxc4 29. Rd7 b5 30. Bxg6 Kg7 31. Rxc6 Be6 32. Rxe6 Rxe6 33. Bxf7 Kf6 34. Bxe6 Kxe6 35. Rd6+ Kf5 36. Rxh6 b4 37. Rb6 Ke4 38. a3 1-0

[Event "SCG-chT 4th"]
[Site "Vrnjacka Banja"]
[Date "2006.05.03"]
[Round "3"]
[White "Pejovic, Branko"]
[Black "Krivokapic, Marko"]
[Result "0-1"]
[WhiteElo "2213"]
[BlackElo "2352"]
[PlyCount "110"]
[EventDate "2006.05.01"]
[EventType "team"]
[EventRounds "7"]
[EventCountry "YUG"]
[SourceTitle "CBM 112 Extra"]
[Source "ChessBase"]
[SourceDate "2006.07.14"]
[SourceVersion "1"]
[SourceVersionDate "2006.07.14"]
[SourceQuality "1"]

1. e4 c5 2. Nf3 d6 3. c4 e5 4. d3 Nc6 5. g3 g6 6. Nc3 Bg7 7. Bg2 Nge7 8. 0-0 0-0 9. Rb1 f5 10. exf5 gxf5 11. Nd5 Nxd5 12. cxd5 Ne7 13. Ng5 h6 14. Ne6 Bxe6 15. dxe6 d5 16. b4 cxb4 17. Rxb4 b6 18. Qb3 Qd6 19. Rb5 Rad8 20. Ba3 Qxe6 21. Bxe7 Qxe7 22. Rxd5 Kh8 23. Rxd8 Rxd8 24. Rc1 Qd7 25. Bh3 Kh7 26. Qc4 Bf6 27. Bf1 Re8 28. Qc7 Re7 29. Qxd7 Rxd7 30. Rc4 Kg6 31. a4 Rd5 32. Kg2 b5 33. axb5 Rxb5 34. d4 e4 35. Rc2 Rd5 36. Rd2 Bxd4 37. Bc4 Rd6 38. Kf1 f4 39. gxf4 Kf5 40. Ke2 Kxf4 41. Bb3 a5 42. h3 Rb6 43. Bd1 Bxf2 44. Ra2 Bd4 45. Rxa5 Rb2+ 46. Kf1 Rf2+ 47. Ke1 Rh2 48. Ra3 Rh1+ 49. Kd2 Be3+ 50. Ke2 Rxh3 51. Ra8 Rh2+ 52. Kf1 Bd4 53. Rf8+ Ke3 54. Bg4 h5 55. Be6 Kd3 0-1

[Event "SRB-chT3 West"]
[Site "Serbia"]
[Date "2006.??.??"]
[Round "3"]
[White "Pejovic, Branko"]
[Black "Gazivoda, Slobodan M"]
[Result "1-0"]
[WhiteElo "2209"]
[BlackElo "2114"]
[PlyCount "110"]
[EventDate "2006.09.09"]
[EventType "team"]
[EventRounds "11"]
[EventCountry "SRB"]
[SourceTitle "EXT 2012"]
[Source "ChessBase"]
[SourceDate "2011.11.24"]
[SourceVersion "1"]
[SourceVersionDate "2011.11.24"]
[SourceQuality "1"]

1. d4 Nf6 2. c4 g6 3. Nc3 Bg7 4. e4 d6 5. f4 0-0 6. Nf3 c5 7. d5 e6 8. Be2 exd5 9. exd5 Re8 10. 0-0 Ng4 11. Qc2 Na6 12. a3 Nc7 13. Bd3 Qe7 14. Kh1 Bd7 15. Bd2 Ne3 16. Bxe3 Qxe3 17. f5 Bxc3 18. bxc3 g5 19. Rae1 Qf4 20. Ne5 Rxe5 21. Rxf4 Rxe1+ 22. Rf1 Rxf1+ 23. Bxf1 f6 24. Kg1 Re8 25. Qf2 Re5 26. Bd3 Ne8 27. a4 b6 28. g4 Bxa4 29. Qa2 Bd1 30. h3 h5 31. gxh5 Bxh5 32. Qxa7 Re3 33. Bf1 Rxc3 34. Qxb6 Re3 35. Qb2 Re5 36. Bd3 Re3 37. Bf1 Re5 38. Qf2 Re4 39. Bd3 Rf4 40. Qe3 Kf8 41. Qd2 Rd4 42. Qc3 Rf4 43. Bc2 Rf3 44. Qe1 Rxh3 45. Ba4 Ng7 46. Qa5 Rg3+ 47. Kh2 Rf3 48. Qd8+ Kf7 49. Bd7 Nxf5 50. Be8+ Kg7 51. Bxh5 Rf4 52. Qe8 Nh4 53. Bf7 f5 54. Qe7 Re4 55. Be6+ Kh6 1-0

[Event "YUG-chT"]
[Site "Budva"]
[Date "1996.??.??"]
[Round "1"]
[White "Velimirovic, Dragoljub"]
[Black "Pejovic, Branko"]
[Result "1-0"]
[WhiteElo "2510"]
[BlackElo "2335"]
[PlyCount "101"]
[EventDate "1996.??.??"]
[EventType "team"]
[EventRounds "6"]
[EventCountry "YUG"]
[SourceTitle "CBM 053 Extra"]
[Source "ChessBase"]
[SourceDate "1996.09.01"]
[SourceVersion "1"]
[SourceVersionDate "1996.09.01"]
[SourceQuality "1"]

1. e4 c5 2. Nf3 Nc6 3. Bb5 d6 4. 0-0 a6 5. Bxc6+ bxc6 6. c3 Bg4 7. h3 Bh5 8. d4 Qb6 9. Nbd2 e6 10. b3 d5 11. Re1 Nf6 12. e5 Nd7 13. Bb2 Be7 14. Nf1 Bg6 15. Ng3 a5 16. Ba3 0-0 17. Qd2 h6 18. Rac1 a4 19. dxc5 Bxc5 20. b4 Be7 21. c4 Rfd8 22. c5 Qa6 23. Nd4 Rac8 24. Rc3 Bh4 25. Bc1 Qa7 26. a3 Nf8 27. Qd1 Qe7 28. Qxa4 Qd7 29. Qd1 f5 30. Nf1 Nh7 31. Nh2 Bg5 32. f4 Be7 33. Be3 Bf7 34. Qd2 Kh8 35. a4 Qa7 36. Qc2 g5 37. Nhf3 Rg8 38. fxg5 Bxg5 39. b5 Bxe3+ 40. Rexe3 f4 41. Re2 Bg6 42. Qa2 cxb5 43. axb5 Qe7 44. b6 Be4 45. Qa7 Qe8 46. b7 Rc7 47. Rb3 Bxf3 48. Nxf3 Qb8 49. Qxb8 Rxb8 50. c6 Rxc6 51. Ra2 1-0

[Event "YUG-chT"]
[Site "Budva"]
[Date "1996.??.??"]
[Round "6"]
[White "Vukovic, Zdravko"]
[Black "Pejovic, Branko"]
[Result "1-0"]
[WhiteElo "2475"]
[BlackElo "2335"]
[PlyCount "71"]
[EventDate "1996.??.??"]
[EventType "team"]
[EventRounds "6"]
[EventCountry "YUG"]
[SourceTitle "CBM 053 Extra"]
[Source "ChessBase"]
[SourceDate "1996.09.01"]
[SourceVersion "1"]
[SourceVersionDate "1996.09.01"]
[SourceQuality "1"]

1. e4 g6 2. d4 Bg7 3. c3 d6 4. Bd3 Nd7 5. f4 Ngf6 6. Nf3 0-0 7. 0-0 c5 8. e5 Nd5 9. Be4 Nc7 10. Kh1 Rb8 11. a4 a6 12. a5 b5 13. axb6 Rxb6 14. Nbd2 cxd4 15. cxd4 Bb7 16. Bxb7 Rxb7 17. Nc4 d5 18. Na5 Rb6 19. Qc2 Nb8 20. Bd2 f6 21. Nb3 Rc6 22. Qd3 Ne6 23. Rfc1 Qb6 24. Rxc6 Qxc6 25. Rc1 Qb6 26. Nc5 fxe5 27. dxe5 Rd8 28. Nxe6 Qxe6 29. Ba5 Rf8 30. Ng5 Qd7 31. Rc7 Qa4 32. Qxd5+ Kh8 33. g3 Qa1+ 34. Kg2 Qxb2+ 35. Bd2 Qb6 36. Nf7+ 1-0

[Event "YUG-chT2"]
[Site "Tivat"]
[Date "1995.??.??"]
[Round "1"]
[White "Rajevic, Gavrilo"]
[Black "Pejovic, Branko"]
[Result "1/2-1/2"]
[WhiteElo "2280"]
[BlackElo "2325"]
[PlyCount "92"]
[EventDate "1995.??.??"]
[EventType "team"]
[EventRounds "11"]
[EventCountry "YUG"]
[SourceTitle "EXT 2002"]
[Source "ChessBase"]
[SourceDate "2001.11.25"]
[SourceVersion "1"]
[SourceVersionDate "2001.11.25"]
[SourceQuality "1"]

1. e4 c5 2. f4 g6 3. Nf3 Bg7 4. Nc3 e6 5. d4 cxd4 6. Nxd4 a6 7. Be3 Ne7 8. Be2 0-0 9. Qd2 d5 10. exd5 Nxd5 11. Nxd5 exd5 12. 0-0 Re8 13. Bf3 Nc6 14. Bf2 Be6 15. Rad1 Rc8 16. c3 Na5 17. b3 Qc7 18. Rc1 b5 19. Rfe1 Nb7 20. Ne2 Nc5 21. Bd4 Bh6 22. Rcd1 Ne4 23. Bxe4 dxe4 24. Bf6 Bg4 25. Qd6 Bf8 26. Qxc7 Rxc7 27. h3 Bxe2 28. Rxe2 Rc6 29. Bd4 Bd6 30. Be3 Bc7 31. Rc2 Rd8 32. Rxd8+ Bxd8 33. Kf2 f5 34. Bd4 Kf7 35. Ke3 Ke6 36. g4 Be7 37. Rg2 Bf6 38. Bxf6 Kxf6 39. gxf5 gxf5 40. Rc2 Rd6 41. Rd2 Rxd2 42. Kxd2 Ke6 43. Ke3 Kd5 44. Kd2 Kc5 45. Ke3 a5 46. Kd2 a4 1/2-1/2

[Event "YUG-chT2"]
[Site "Tivat"]
[Date "1995.??.??"]
[Round "2"]
[White "Trifunovic, Miroljub"]
[Black "Pejovic, Branko"]
[Result "0-1"]
[WhiteElo "2295"]
[BlackElo "2325"]
[PlyCount "68"]
[EventDate "1995.??.??"]
[EventType "team"]
[EventRounds "11"]
[EventCountry "YUG"]
[SourceTitle "EXT 2002"]
[Source "ChessBase"]
[SourceDate "2001.11.25"]
[SourceVersion "1"]
[SourceVersionDate "2001.11.25"]
[SourceQuality "1"]

1. d4 g6 2. c4 Nf6 3. Nc3 Bg7 4. e4 d6 5. Be2 0-0 6. Nf3 e5 7. 0-0 Nc6 8. d5 Ne7 9. Ne1 Ne8 10. Nd3 f5 11. f4 h6 12. exf5 Nxf5 13. fxe5 dxe5 14. Nf2 Nd4 15. Bd3 Bf5 16. Nce4 Nd6 17. Be3 Nxe4 18. Nxe4 Qh4 19. Ng3 Rae8 20. Nxf5 Nxf5 21. Bf2 Qe7 22. Re1 b6 23. Qg4 Qf6 24. Be4 h5 25. Qe2 Qg5 26. Rf1 h4 27. Qd3 Rf6 28. Qh3 Ref8 29. Rfe1 Qd2 30. d6 cxd6 31. Bxh4 Nxh4 32. Qxh4 Bh6 33. Qg3 Qd4+ 34. Kh1 Qxe4 0-1

[Event "YUG-chT2"]
[Site "Tivat"]
[Date "1995.??.??"]
[Round "5"]
[White "Vuruna, Miodrag"]
[Black "Pejovic, Branko"]
[Result "1-0"]
[WhiteElo "2310"]
[BlackElo "2325"]
[PlyCount "81"]
[EventDate "1995.??.??"]
[EventType "team"]
[EventRounds "11"]
[EventCountry "YUG"]
[SourceTitle "EXT 2002"]
[Source "ChessBase"]
[SourceDate "2001.11.25"]
[SourceVersion "1"]
[SourceVersionDate "2001.11.25"]
[SourceQuality "1"]

1. e4 c5 2. Nf3 Nc6 3. d4 cxd4 4. Nxd4 g6 5. Be3 Nf6 6. Nc3 d6 7. f3 Bg7 8. Qd2 0-0 9. Bc4 Bd7 10. 0-0-0 Rc8 11. Bb3 Ne5 12. Kb1 Nc4 13. Bxc4 Rxc4 14. g4 Qb8 15. h4 b5 16. h5 b4 17. Nd5 Nxd5 18. exd5 Rfc8 19. hxg6 fxg6 20. Qh2 Kf7 21. Rd2 Qc7 22. Ne6 Bxe6 23. dxe6+ Kxe6 24. Qxh7 Kd7 25. Qxg6 Qc6 26. Qf5+ Kc7 27. Qf7 Kb7 28. Qxg7 Rxc2 29. Qxe7+ Rc7 30. Qxc7+ Qxc7 31. Rxc2 Qf7 32. f4 Qe6 33. Rh7+ Ka6 34. Rxa7+ Kb5 35. a4+ bxa3 36. Rxa3 Qxg4 37. Rb3+ Ka4 38. Rd3 Qf3 39. Ka2 Kb5 40. Rb3+ Ka6 41. Rc7 1-0